000 00733nam0a22002531 4500
001 rc\2990943
005 20250806211635.0
035 _a(NLR Aleph) 007135055
090 _a66993
_c66993
100 _a20110915d1941 u y0rusy50 ca
101 0 _arus
102 _aRU
105 _ay z |||||
200 1 _aСтихи
_fНик. Асеев
210 _aМосква
_cГослитиздат
_d1941
215 _a88 с.
_d17 см
700 1 _aАсеев
_bН.Н.
_f1889-1963
_gНиколай Николаевич
801 0 _aRU
_bNLR
_gpsbo
801 1 _aRU
_bELAR
_2rusmarc
852 _aNLR
_bЛ
_j30 Г-1/22
942 _cBOOK
945 _aРоссийская национальная библиотека
980 _aNB
980 _aBV